000
00239nam a2200097Ia 4500
005
20251222114356.0
008
251222s1900||||xx |||||||||||||| ||spa||
082
_a
DVD0170/S65/2006
245
0
_a
Intriga en BerlĂn:The good German
942
_c
DVD
999
_c
1454
_d
1454